Miasta w Polsce na literę M w mazowszu - Statystyki

Ogólne statystyki
  • Ten quiz został rozwiązany 39 razy
    27 od ostatniego zresetowania
  • Średni wynik to 7 z 12
Statystyki odpowiedzi
Populacja miasta Miasto % Poprawnych
44 387 Marki
89%
40 083 Mińsk Mazowiecki
89%
30 831 Mława
89%
9 009 Maków Mazowiecki
79%
16 421 Milanówek
74%
1 488 Mordy
58%
3 611 Mrozy
53%
6 159 Mszczonów
53%
2 144 Mogielnica
47%
3 223 Myszyniec
47%
966 Magnuszew
26%
1 410 Maciejowice
21%
Nie znaleziono quizów pasujących do podanych kryteriów
Rozkład punktacji
Procent ludzi z każdym wynikiem
Percentyl według liczby udzielonych odpowiedzi
Twoja historia wyników
Nie rozwiązałeś tego quizu od ostatniego zresetowania